| LEADER | 01570nam a2200229 4500 | ||
|---|---|---|---|
| 082 | |a 820.9 |b NG527TH | ||
| 100 | |a Nguyễn Thành Thống | ||
| 245 | |a Lịch sử văn học Anh trích yếu |c Nguyễn Thành Thống | ||
| 260 | |a Tp.Hồ Chí Minh |b Nxb Trẻ |c 1997 | ||
| 300 | |a 531 tr. |c 19 cm | ||
| 520 | |a v.v... | ||
| 653 | |a Văn học | ||
| 653 | |a Anh | ||
| 653 | |a Lịch sử | ||
| 942 | |2 ddc |c STK0 | ||
| 999 | |c 2420 |d 2420 | ||
| 952 | |0 0 |1 0 |2 ddc |4 0 |6 820_900000000000000_NG527TH |7 1 |8 800 |9 31447 |a qbu |b qbu |c D5 |d 2014-12-13 |g 100000 |o 820.9 NG527TH |p 3718.c1 |r 0000-00-00 |w 2014-12-13 |y STK0 |0 0 |6 820_900000000000000_NG527TH | ||
| 952 | |0 0 |1 0 |2 ddc |4 0 |6 820_900000000000000_NG527TH |7 0 |8 800 |9 31448 |a qbu |b qbu |c D5 |d 2014-12-13 |g 100000 |o 820.9 NG527TH |p 3718.c2 |r 0000-00-00 |w 2014-12-13 |y STK0 |0 0 |6 820_900000000000000_NG527TH | ||
| 952 | |0 0 |1 0 |2 ddc |4 0 |6 820_900000000000000_NG527TH |7 0 |8 800 |9 31449 |a qbu |b qbu |c D5 |d 2014-12-13 |g 100000 |o 820.9 NG527TH |p 3718.c3 |r 0000-00-00 |w 2014-12-13 |y STK0 |0 0 |6 820_900000000000000_NG527TH | ||
| 952 | |0 0 |1 0 |2 ddc |4 0 |6 820_900000000000000_NG527TH |7 0 |8 800 |9 31450 |a qbu |b qbu |c D5 |d 2014-12-13 |g 100000 |o 820.9 NG527TH |p 3718.c4 |r 0000-00-00 |w 2014-12-13 |y STK0 |0 0 |6 820_900000000000000_NG527TH | ||
| 952 | |0 0 |1 0 |2 ddc |4 0 |6 820_900000000000000_NG527TH |7 0 |8 800 |9 31451 |a qbu |b qbu |c D5 |d 2014-12-13 |g 100000 |o 820.9 NG527TH |p 3718.c5 |r 0000-00-00 |w 2014-12-13 |y STK0 |0 0 |6 820_900000000000000_NG527TH | ||
| 952 | |0 0 |1 0 |2 ddc |4 0 |6 820_900000000000000_NG527TH |7 0 |8 800 |9 31452 |a qbu |b qbu |c D5 |d 2014-12-13 |g 100000 |o 820.9 NG527TH |p 3718.c6 |r 0000-00-00 |w 2014-12-13 |y STK0 |0 0 |6 820_900000000000000_NG527TH | ||